000 01115cam a22003257a 4500
003 CHAP
005 20220329141353.0
008 971013s1982 r 00010 d
010 _a67166
011 _a68138
035 _a77610
040 _cCHAP
082 _a338.174
_bB3i 1983
110 _aBanco de Crédito Rural del Istmo, S. A. México
_99818
245 0 _aCostos medios de producción del ciclo P. V. 1983-83; actualizado a julio de 1982
260 _aMéxico :
_bEl Banco,
_c1982
300 _app. 135-166
500 _aFotocopia
590 _aBATCH-UPD
_b10
_c20130110
_lUCH01
_h0428
590 _aBATCH-UPD
_b10
_c20130410
_lUCH01
_h0103
590 _aBATCH-UPD
_b10
_c20130410
_lUCH01
_h1558
590 _aBATCH-UPD
_b10
_c20130914
_lUCH01
_h1446
590 _aCONVERSION
_b10
_c20130109
_lUCH01
_h1337
650 1 4 _aFruta
_xCostos de producción.
_943604
650 1 4 _aFruticultura
_xAspectos económicos
_xChiapas.
_943691
650 1 4 _aFruticultura
_xAspectos económicos
_xOaxaca.
_943696
901 _aBK
942 _cLIBRO
949 _a338.174 B3i 1983
_bBC
_cC
_d33724000550307
_eC
_h73715
_i77610
_mD
_si
999 _c67166
_d67166